The Journal of the Incorporated Society of Auctioneers and Landed Property Agents (Record no. 119092)

MARC details
000 -LEADER
fixed length control field 00746cas a22002055a 4500
001 - CONTROL NUMBER
control field L139421
008 - FIXED-LENGTH DATA ELEMENTS--GENERAL INFORMATION
fixed length control field 070726c19301932xxkmr p 0 a0eng u
035 ## - SYSTEM CONTROL NUMBER
System control number (Sirsi) u139421
041 0# - LANGUAGE CODE
Language code of text/sound track or separate title eng
110 2# - MAIN ENTRY--CORPORATE NAME
Corporate name or jurisdiction name as entry element Incorporated Society of Auctioneers and Landed Property Agents
9 (RLIN) 4878
245 04 - TITLE STATEMENT
Title The Journal of the Incorporated Society of Auctioneers and Landed Property Agents
260 ## - PUBLICATION, DISTRIBUTION, ETC.
Place of publication, distribution, etc. London
Name of publisher, distributor, etc. ISALPA
Date of publication, distribution, etc. 1930-1932
362 0# - DATES OF PUBLICATION AND/OR SEQUENTIAL DESIGNATION
Dates of publication and/or sequential designation 4(42) June 1930-6(62) February 1932
554 ## -
-- 12 per year
651 #4 - SUBJECT ADDED ENTRY--GEOGRAPHIC NAME
Geographic name England and Wales
Chronological subdivision 1543-
690 ## - LOCAL SUBJECT ADDED ENTRY--TOPICAL TERM (OCLC, RLIN)
Topical term or geographic name as entry element PROPERTY
780 00 - PRECEDING ENTRY
Title ISAPA
Edition Being the Official Monthly Organ of the Incorporated Society of Auctioneers and Landed Property Agents
785 00 - SUCCEEDING ENTRY
Title Incorporated Auctioneers Journal
942 ## - ADDED ENTRY ELEMENTS (KOHA)
Suppress in OPAC 0
Holdings
Withdrawn status Lost status Source of classification or shelving scheme Damaged status Not for loan Home library Current library Shelving location Date acquired Total Checkouts Full call number Barcode Date last seen Price effective from Koha item type
    Dewey Decimal Classification     London London Basement 26/07/2007   INCORPORATED AUCTIONEERS JOURNAL 139421-1001 06/08/2019 06/08/2019 Journal